Territoires de Kaamelott sur une carte - Statistiques

Statistiques générales
  • Ce quiz a été pris 5 902 fois
  • Le résultat moyen est 7 sur 12
Réponses sur la Carte
Les réponses sont colorées sur une échelle allant du rouge au vert en fonction du pourcentage des utilisateurs qui les ont devinées à leur premier essai. Vous pouvez retrouver ces pourcentages ci-dessous.
 
Statistiques - réponses
Indice Réponse Personnage rattaché à ce lieu % Correct
Royaume Irlande Ketchatar
83%
Pays Galles Perceval
80%
Duché Aquitaine bah... le Duc quoi
79%
Forteresses Kaamelott Tout est dans le titre
76%
Royaume Carmélide Léodagan
67%
Pays Vannes Karadoc
60%
Forteresses Tintagel Ygerne, mère d'Arthur
56%
Royaume Logres Arthur Pendragon
54%
Royaume Calédonie Calogrenant
52%
Royaume Orcanie Loth
46%
Royaume Gaunes Bohort
43%
Royaume Armorique Hoel
41%
Aucun quiz correspondant
Distribution des résultats
% des personnes avec chaque résultat
Percentile par nombre de réponses
Votre historique - résultats
Vous n’avez pas pris ce quiz